000 00621nam a22002417a 4500
003 UA-OsUOA
001 91873
007 ta
008 20121206b un ||||| |||| 00| 0 ukr d
100 _aОсадчий В.
090 _a821.161.2
_bО-72
942 _cBK
040 _aUA-OsUOA
_bukr
_cUA-OsUOA
_dUA-OsUOA
245 _aПрибутна вода
_bпоезії
300 _a205 с.
955 _a3
041 _aukr
080 _a821.161.2
020 _a5-308-00863-9
260 _aК.
_bДніпро
_c1991
650 7 _a82 Література. Літературознавство
_2UDC
999 _c378129
_d378129